000 00690cam a22002171 4500
001 af 47004216
003 DLC
005 20260227110824.0
008 071204s1942 ne 000 0 dut
010 _aaf 47004216
040 _aDLC
_cDLC
_dDLC
050 0 0 _aD771
_b.J813
100 1 _aJung, Hermann,
_d1901-
240 1 0 _aSklaven der convoys
_lDutch
245 1 0 _aSlaven der convooien;
_bde lotgevallen van den franschen matroos Jean Perret,
_cdoor Hermann Jung.
260 _aAmsterdam,
_bUitgeverij Westland
_c[1942]
300 _a160 p.
_c22 cm.
650 0 _aWorld War, 1939-1945
_vPersonal narratives, Dutch.
650 0 _aWorld War, 1939-1945
_xNaval operations.
650 0 _aConvoy.
999 _c2543
_d2543